Algoritmy '83 Zborník prednášok 7. sympózia o algoritmoch. 11.-15.4.1983

Salvato in:
Dettagli Bibliografici
Natura: Libro
Lingua:slovacco
Pubblicazione: Bratislava Jednota slovenských matematikov a fyzikov pri SAV-OSVS 1983
Tags: Aggiungi Tag
Nessun Tag, puoi essere il primo ad aggiungerne!!

MARC

LEADER 00000nam a2200000 4500
001 c133551
005 20181203150457.0
041 0 |a slo 
044 |a SK 
245 1 0 |a Algoritmy '83  |b Zborník prednášok 7. sympózia o algoritmoch. 11.-15.4.1983 
264 1 |a Bratislava  |b Jednota slovenských matematikov a fyzikov pri SAV-OSVS  |c 1983 
300 |a 387 s.  |e príl.